[Event "Francophone-ch rapid"]
[Site "St Laurent"]
[Date "2014.??.??"]
[Round "14"]
[White "Debray, Christopher"]
[Black "Garbarino, Xavier"]
[Result "1-0"]
[WhiteElo "2363"]
[BlackElo "2282"]
[PlyCount "124"]
[EventDate "2014.07.05"]
[EventType "swiss (rapid)"]
[EventRounds "15"]
[EventCountry "FRA"]
[SourceTitle "CBM 161 Extra"]
[Source "ChessBase"]
[SourceDate "2014.08.29"]
[SourceVersion "1"]
[SourceVersionDate "2014.08.29"]
[SourceQuality "1"]

1. d4 Nc6 2. Nf3 d5 3. c4 Bg4 4. Nc3 e6 5. e3 Nf6 6. Be2 Bb4 7. 0-0 0-0 8. Bd2 Bxc3 9. Bxc3 Ne4 10. Rc1 Nxc3 11. Rxc3 Qd6 12. cxd5 exd5 13. Ne1 Bxe2 14. Qxe2 Rae8 15. Qc2 Re6 16. Nd3 Rh6 17. h3 g5 18. Qe2 Re8 19. Qg4 f6 20. Rfc1 Rh4 21. Qf3 Re7 22. Rc5 Rd7 23. R5c3 Nd8 24. b4 c6 25. a4 a6 26. b5 axb5 27. axb5 Re7 28. bxc6 bxc6 29. Rb1 Kg7 30. Nc5 Ne6 31. Nxe6+ Qxe6 32. Qg3 Re4 33. Rbc1 h5 34. Rxc6 Qf5 35. Rc7 R4e6 36. Rxe7+ Rxe7 37. Qd6 Rb7 38. Rc7+ Rxc7 39. Qxc7+ Kg6 40. Qb8 Kg7 41. Qd6 h4 42. Qb4 Kh7 43. Qb2 Kg7 44. Qe2 Qb1+ 45. Kh2 Qf5 46. Qf3 Qe6 47. g3 hxg3+ 48. Qxg3 Qf5 49. Kg2 Qe4+ 50. Qf3 Qe6 51. Kg3 Qd6+ 52. Kg2 Qe6 53. Kf1 Qd6 54. Qg3 Qa6+ 55. Kg1 Qe6 56. h4 Kg6 57. hxg5 fxg5 58. f4 g4 59. Kf2 Qf5 60. Qh4 Kf7 61. Kg3 Qe4 62. Qh5+ Kf8 1-0

[Event "Francophone-ch rapid"]
[Site "St Laurent"]
[Date "2014.??.??"]
[Round "9"]
[White "Garbarino, Xavier"]
[Black "Pile, Richard"]
[Result "0-1"]
[WhiteElo "2282"]
[BlackElo "2412"]
[PlyCount "128"]
[EventDate "2014.07.05"]
[EventType "swiss (rapid)"]
[EventRounds "15"]
[EventCountry "FRA"]
[SourceTitle "CBM 161 Extra"]
[Source "ChessBase"]
[SourceDate "2014.08.29"]
[SourceVersion "1"]
[SourceVersionDate "2014.08.29"]
[SourceQuality "1"]

1. d4 Nf6 2. Nf3 e6 3. Bg5 h6 4. Bh4 b6 5. e3 Bb7 6. Bd3 Be7 7. 0-0 d6 8. c4 Nbd7 9. Nc3 c5 10. Qe2 0-0 11. Rfd1 cxd4 12. exd4 a6 13. Rac1 Rc8 14. Bb1 Re8 15. b3 Nh5 16. Bxe7 Qxe7 17. Qe3 Nhf6 18. Re1 Qd8 19. Ne4 Nxe4 20. Bxe4 Bxe4 21. Qxe4 Rc7 22. Qe3 Nf6 23. h3 Qb8 24. Qd2 Rec8 25. a4 d5 26. Ne5 dxc4 27. bxc4 Nd7 28. Nxd7 Rxd7 29. Red1 Qd6 30. Qb2 Qc6 31. Qb3 Rcd8 32. c5 bxc5 33. dxc5 Rxd1+ 34. Rxd1 Rxd1+ 35. Qxd1 Qxc5 36. Qd8+ Qf8 37. Qb6 Qc8 38. h4 Qc1+ 39. Kh2 Qf4+ 40. Kg1 Qxa4 41. g3 Qd1+ 42. Kh2 Qe2 43. Kg1 g6 44. Qd8+ Kg7 45. Qd4+ e5 46. Qa1 Qb5 47. h5 gxh5 48. Qd1 Qc4 49. Qxh5 Qe4 50. f3 Qe3+ 51. Kg2 a5 52. Qg4+ Qg5 53. Qe4 Qd2+ 54. Kh3 Qd4 55. Qf5 a4 56. f4 exf4 57. Qg4+ Kh8 58. Qc8+ Kh7 59. Qf5+ Kg7 60. Qg4+ Kf6 61. Qh4+ Ke6 62. Qg4+ Ke7 63. Qh4+ Qf6 64. Qg4 Qe6 0-1

[Event "FRA-ch blitz"]
[Site "Nice"]
[Date "2011.02.20"]
[Round "13"]
[White "Garbarino, Xavier"]
[Black "Bacrot, Etienne"]
[Result "0-1"]
[WhiteElo "2262"]
[BlackElo "2723"]
[PlyCount "51"]
[EventDate "2011.02.20"]
[EventType "swiss (blitz)"]
[EventRounds "13"]
[EventCountry "FRA"]
[SourceTitle "CBM 141 Extra"]
[Source "ChessBase"]
[SourceDate "2011.05.03"]
[SourceVersion "1"]
[SourceVersionDate "2011.05.03"]
[SourceQuality "1"]

1. d4 Nf6 2. Nf3 e6 3. Bg5 b6 4. e3 Bb7 5. Bd3 Be7 6. Nbd2 c5 7. c3 d5 8. Qa4+ Bc6 9. Qc2 Nbd7 10. 0-0 h6 11. Bh4 Qc7 12. Bg3 Bd6 13. Bxd6 Qxd6 14. e4 dxe4 15. Nxe4 Bxe4 16. Bxe4 Rd8 17. Rad1 0-0 18. Qe2 Qc7 19. Bc2 cxd4 20. Nxd4 Nc5 21. b4 Nb7 22. Rd3 Rd5 23. Rf3 Rfd8 24. Qa6 Nd6 25. Bb3 Rg5 26. Rd1 0-1

[Event "Paris-ch int"]
[Site "Paris"]
[Date "2007.07.12"]
[Round "6"]
[White "Van Delft, Merijn"]
[Black "Garbarino, Xavier"]
[Result "1-0"]
[WhiteElo "2408"]
[BlackElo "2241"]
[PlyCount "57"]
[EventDate "2007.07.07"]
[EventType "swiss"]
[EventRounds "9"]
[EventCountry "FRA"]
[SourceTitle "CBM 119 Extra"]
[Source "ChessBase"]
[SourceDate "2007.09.04"]
[SourceVersion "1"]
[SourceVersionDate "2007.09.04"]
[SourceQuality "1"]

1. e4 Nc6 2. Nf3 d6 3. d4 Nf6 4. Nc3 Bg4 5. Be3 g6 6. h3 Bxf3 7. Qxf3 Bg7 8. 0-0-0 Nd7 9. g4 e5 10. dxe5 Ncxe5 11. Qg3 Nb6 12. f4 Nc6 13. e5 0-0 14. h4 Qe7 15. Ne4 f5 16. exf6 Qxe4 17. fxg7 Rfe8 18. Bd2 d5 19. Bd3 Qa4 20. Kb1 Nb4 21. Bxb4 Qxb4 22. a3 Qd6 23. Qf2 Kxg7 24. h5 Rf8 25. hxg6 hxg6 26. f5 Rh8 27. g5 gxf5 28. Qd4+ Kg6 29. Rxh8 1-0

[Event "FRA-chT1B 0607"]
[Site "France"]
[Date "2007.01.21"]
[Round "6.4"]
[White "Duquesnoy, Jean Philippe"]
[Black "Garbarino, Xavier"]
[Result "1/2-1/2"]
[WhiteElo "2258"]
[BlackElo "2225"]
[PlyCount "115"]
[EventDate "2006.10.15"]
[EventType "team"]
[EventRounds "11"]
[EventCountry "FRA"]
[SourceTitle "EXT 2008"]
[Source "ChessBase"]
[SourceDate "2007.11.25"]
[SourceVersion "1"]
[SourceVersionDate "2007.11.25"]
[SourceQuality "1"]
[WhiteTeam "Avignon"]
[BlackTeam "Lutece"]
[WhiteTeamCountry "FRA"]
[BlackTeamCountry "FRA"]

1. d4 Nc6 2. Bg5 d5 3. e3 f6 4. Bh4 Nh6 5. c4 Nf5 6. Bg3 e5 7. dxe5 d4 8. exd4 Qxd4 9. Nc3 Nxg3 10. hxg3 Qxe5+ 11. Qe2 Bb4 12. Rc1 Bf5 13. Nf3 Qxe2+ 14. Bxe2 0-0-0 15. Kf1 Bxc3 16. Rxc3 Rhe8 17. g4 Bg6 18. c5 Nb4 19. a3 Nd3 20. Bxd3 Rxd3 21. Rxd3 Bxd3+ 22. Kg1 Re2 23. Rh3 Rxb2 24. Nd4 Bg6 25. c6 bxc6 26. Nxc6 Kd7 27. Nd4 c5 28. Nf5 Kc6 29. Ne7+ Kb5 30. Nxg6 hxg6 31. Rh7 c4 32. Rxg7 c3 33. Kh2 c2 34. Rc7 Ka4 35. Rc3 g5 36. f3 a5 37. Kg3 Kb5 38. Kh2 Ka4 39. Kg3 Rb3 40. Rxc2 Kxa3 41. Rc6 a4 42. Ra6 Rb4 43. Rxf6 Kb3 44. Re6 a3 45. Re3+ Ka4 46. Re2 Rc4 47. Kh3 Kb3 48. g3 a2 49. Rxa2 Kxa2 50. f4 gxf4 51. gxf4 Rxf4 52. Kh4 Kb3 53. Kg5 Rd4 54. Kf5 Kc4 55. g5 Kd5 56. g6 Rd1 57. g7 Rg1 58. Kf6 1/2-1/2

[Event "FRA-chT1B 0607"]
[Site "France"]
[Date "2007.01.20"]
[Round "5.5"]
[White "Comte, Frederic"]
[Black "Garbarino, Xavier"]
[Result "1/2-1/2"]
[WhiteElo "2185"]
[BlackElo "2225"]
[PlyCount "46"]
[EventDate "2006.10.15"]
[EventType "team"]
[EventRounds "11"]
[EventCountry "FRA"]
[SourceTitle "EXT 2008"]
[Source "ChessBase"]
[SourceDate "2007.11.25"]
[SourceVersion "1"]
[SourceVersionDate "2007.11.25"]
[SourceQuality "1"]
[WhiteTeam "Hyeres"]
[BlackTeam "Lutece"]
[WhiteTeamCountry "FRA"]
[BlackTeamCountry "FRA"]

1. e4 Nc6 2. Nf3 d6 3. Bb5 Nf6 4. Nc3 a6 5. Bxc6+ bxc6 6. d4 Bg4 7. h3 Bh5 8. Qe2 e6 9. 0-0 Be7 10. g4 Bg6 11. Nd2 d5 12. e5 Nd7 13. f4 Bxc2 14. Nc4 c5 15. Qxc2 cxd4 16. Ne2 dxc4 17. Nxd4 Nxe5 18. Qe4 Nd3 19. Qc6+ Kf8 20. Qxc4 c5 21. Nxe6+ fxe6 22. Rd1 Qd5 23. Qxd5 exd5 1/2-1/2

[Event "FRA-chT1B 0607"]
[Site "France"]
[Date "2006.12.06"]
[Round "4.4"]
[White "Laval, Brice"]
[Black "Garbarino, Xavier"]
[Result "0-1"]
[WhiteElo "2175"]
[BlackElo "2225"]
[PlyCount "70"]
[EventDate "2006.10.15"]
[EventType "team"]
[EventRounds "11"]
[EventCountry "FRA"]
[SourceTitle "EXT 2008"]
[Source "ChessBase"]
[SourceDate "2007.11.25"]
[SourceVersion "1"]
[SourceVersionDate "2007.11.25"]
[SourceQuality "1"]
[WhiteTeam "Reims"]
[BlackTeam "Lutece"]
[WhiteTeamCountry "FRA"]
[BlackTeamCountry "FRA"]

1. e4 Nc6 2. Nc3 e6 3. d4 Bb4 4. Nge2 d6 5. a3 Ba5 6. b4 Bb6 7. Be3 Nf6 8. Ng3 e5 9. Bb5 0-0 10. Bxc6 bxc6 11. 0-0 Ng4 12. h3 Nxe3 13. fxe3 Qg5 14. Rf3 exd4 15. exd4 a5 16. Nce2 axb4 17. axb4 Rxa1 18. Qxa1 Be6 19. Qc3 Qb5 20. Kh2 Qc4 21. Qd2 Ra8 22. Nh5 Kh8 23. Rg3 Rg8 24. c3 f6 25. Qe3 Bf7 26. Qf3 Qe6 27. Nhf4 Qe7 28. Nd3 c5 29. bxc5 dxc5 30. d5 c6 31. dxc6 Bc7 32. Nef4 c4 33. Nb4 Qc5 34. Nbd5 Be5 35. Qg4 g5 0-1

[Event "FRA-chT2B 0506"]
[Site "France"]
[Date "2006.03.12"]
[Round "9.5"]
[White "Prevot, Emmanuel"]
[Black "Garbarino, Xavier"]
[Result "1-0"]
[WhiteElo "2230"]
[BlackElo "2216"]
[PlyCount "89"]
[EventDate "2005.10.27"]
[EventType "team-tourn"]
[EventRounds "11"]
[EventCountry "FRA"]
[SourceTitle "EXT 2006"]
[Source "ChessBase"]
[SourceDate "2005.11.24"]
[SourceVersion "1"]
[SourceVersionDate "2005.11.24"]
[SourceQuality "1"]
[WhiteTeam "Rosny sous Bois"]
[BlackTeam "Lutece"]
[WhiteTeamCountry "FRA"]
[BlackTeamCountry "FRA"]

1. e4 Nc6 2. Nf3 d6 3. d4 Nf6 4. Nc3 Bg4 5. Bb5 a6 6. Bxc6+ bxc6 7. h3 Bh5 8. Qe2 e6 9. g4 Bg6 10. Bg5 Be7 11. 0-0-0 Nxe4 12. Nxe4 Bxe4 13. Bxe7 Bxf3 14. Qxf3 Kxe7 15. Qxc6 Qd7 16. Qc4 d5 17. Qe2 Qd6 18. Rd3 Rhc8 19. Qd2 c5 20. f4 c4 21. Re3 c3 22. Rxc3 Rxc3 23. Qxc3 Qxf4+ 24. Kb1 Kf8 25. Rd1 Qh2 26. a4 Kg8 27. Qc6 Qb8 28. Rd3 h6 29. Rb3 Qe8 30. Qxe8+ Rxe8 31. Rb6 f5 32. Kc1 f4 33. Kd2 e5 34. Rd6 e4 35. Rxd5 e3+ 36. Ke1 Re4 37. c3 Kf7 38. b4 Ke6 39. Rf5 g6 40. Rc5 f3 41. b5 e2 42. Re5+ Rxe5 43. dxe5 Kxe5 44. bxa6 Ke4 45. Kd2 1-0

[Event "FRA-chT2B 0506"]
[Site "France"]
[Date "2006.03.11"]
[Round "8.5"]
[White "Lam, Sophie"]
[Black "Garbarino, Xavier"]
[Result "1/2-1/2"]
[WhiteElo "2038"]
[BlackElo "2216"]
[PlyCount "127"]
[EventDate "2005.10.27"]
[EventType "team-tourn"]
[EventRounds "11"]
[EventCountry "FRA"]
[SourceTitle "EXT 2006"]
[Source "ChessBase"]
[SourceDate "2005.11.24"]
[SourceVersion "1"]
[SourceVersionDate "2005.11.24"]
[SourceQuality "1"]
[WhiteTeam "Creteil  II"]
[BlackTeam "Lutece"]
[WhiteTeamCountry "FRA"]
[BlackTeamCountry "FRA"]

1. e4 Nc6 2. Nf3 d6 3. d4 Nf6 4. Nbd2 g6 5. c3 Bg7 6. Bd3 0-0 7. 0-0 e5 8. Nb3 exd4 9. Nbxd4 Re8 10. Re1 Ne5 11. Nxe5 dxe5 12. Nf3 c6 13. h3 Qc7 14. Qc2 h6 15. Bc4 b5 16. Bb3 c5 17. c4 a6 18. Be3 b4 19. a3 Bb7 20. Nd2 a5 21. axb4 axb4 22. f3 Nh5 23. Nf1 Nf4 24. Bf2 Ne6 25. Ne3 Nd4 26. Qd3 Rxa1 27. Rxa1 Ra8 28. Re1 Qd6 29. Nd5 h5 30. Bh4 Bxd5 31. cxd5 Bh6 32. Bf2 Bf4 33. g3 Bh6 34. Bxd4 cxd4 35. f4 h4 36. fxe5 Qxe5 37. Kg2 Be3 38. gxh4 Ra6 39. Rf1 Rd6 40. Rf3 Kh7 41. Bc2 Rd7 42. Bb3 Rd6 43. Bc2 Qe7 44. Qb5 Qxh4 45. Qxb4 Rf6 46. Rxf6 Qg5+ 47. Kf1 Qxf6+ 48. Ke2 Kg7 49. Kd1 Qf3+ 50. Ke1 Bf2+ 51. Kd2 Qh1 52. Ke2 Be3 53. Bd3 Qg2+ 54. Kd1 Qxh3 55. Kc2 Qd7 56. Qb5 Qxb5 57. Bxb5 Bf4 58. Be2 Kf6 59. Kd3 Ke5 60. b4 Bg5 61. b5 Bd8 62. Bg4 Bb6 63. Bd7 g5 64. Bh3 1/2-1/2

[Event "FRA-chT2B 0506"]
[Site "France"]
[Date "2005.12.04"]
[Round "4.4"]
[White "Briet, Guillaume"]
[Black "Garbarino, Xavier"]
[Result "0-1"]
[WhiteElo "2149"]
[BlackElo "2304"]
[PlyCount "66"]
[EventDate "2005.10.27"]
[EventType "team-tourn"]
[EventRounds "11"]
[EventCountry "FRA"]
[SourceTitle "EXT 2006"]
[Source "ChessBase"]
[SourceDate "2005.11.24"]
[SourceVersion "1"]
[SourceVersionDate "2005.11.24"]
[SourceQuality "1"]
[WhiteTeam "Lille"]
[BlackTeam "Lutece"]
[WhiteTeamCountry "FRA"]
[BlackTeamCountry "FRA"]

1. e4 Nc6 2. Nf3 d6 3. d4 Nf6 4. Nc3 Bg4 5. Be3 g6 6. Qd2 Bg7 7. 0-0-0 0-0 8. Bh6 Bxf3 9. gxf3 e5 10. Bxg7 Kxg7 11. Ne2 Nxd4 12. Nxd4 exd4 13. Qxd4 Qe7 14. Bg2 Qe5 15. Qxe5 dxe5 16. f4 exf4 17. e5 Ng4 18. Rd7 f3 19. Bf1 Nxf2 20. Rg1 Rad8 21. e6 Rxd7 22. exd7 Rd8 23. Bb5 c6 24. Rf1 cxb5 25. Rxf2 Rxd7 26. Rxf3 f5 27. c3 Kf6 28. Kc2 g5 29. Kb3 f4 30. h4 h6 31. Rf2 Kf5 32. hxg5 hxg5 33. Kb4 a6 0-1

[Event "Paris-ch op-B"]
[Site "Paris"]
[Date "2005.07.13"]
[Round "5"]
[White "Garbarino, Xavier"]
[Black "Cochard, Sebastien"]
[Result "1/2-1/2"]
[WhiteElo "2191"]
[BlackElo "2137"]
[PlyCount "62"]
[EventDate "2005.07.09"]
[EventType "swiss"]
[EventRounds "9"]
[EventCountry "FRA"]
[SourceTitle "EXT 2006"]
[Source "ChessBase"]
[SourceDate "2005.11.24"]
[SourceVersion "1"]
[SourceVersionDate "2005.11.24"]
[SourceQuality "1"]

1. d4 Nf6 2. Nf3 d5 3. c4 e6 4. Nc3 Nbd7 5. Bg5 Be7 6. e3 0-0 7. Bd3 c6 8. cxd5 exd5 9. 0-0 Re8 10. Qc2 Nf8 11. Rab1 Bg4 12. Ne5 Bh5 13. b4 a6 14. a4 N6d7 15. Bxe7 Qxe7 16. Nxd7 Qxd7 17. b5 axb5 18. axb5 Bg6 19. Bxg6 Nxg6 20. bxc6 bxc6 21. Ne2 Nh4 22. Nf4 Re4 23. Qb3 Rae8 24. Qb7 Qd6 25. Rfc1 Rxf4 26. exf4 Qg6 27. g3 Nf3+ 28. Kg2 Qe4 29. Kh3 Qf5+ 30. Kg2 Qe4 31. Kh3 Qf5+ 1/2-1/2

[Event "Nice Winter op 18th"]
[Site "Nice"]
[Date "2002.12.27"]
[Round "3"]
[White "Dunis, Aurelien"]
[Black "Garbarino, Xavier"]
[Result "1-0"]
[WhiteElo "2399"]
[BlackElo "2113"]
[PlyCount "107"]
[EventDate "2002.12.26"]
[EventType "swiss"]
[EventRounds "7"]
[EventCountry "FRA"]
[SourceTitle "CBM 091 Extra"]
[Source "ChessBase"]
[SourceDate "2003.01.09"]
[SourceVersion "1"]
[SourceVersionDate "2003.01.09"]
[SourceQuality "1"]

1. Nf3 d5 2. c4 e6 3. d4 c5 4. cxd5 exd5 5. e3 Nf6 6. Be2 Be7 7. dxc5 Bxc5 8. a3 0-0 9. 0-0 a6 10. b4 Bb6 11. Bb2 Nc6 12. Nbd2 Ne4 13. Nxe4 dxe4 14. Nd2 f5 15. Qb3+ Kh8 16. Nc4 Bc7 17. Rad1 Qe7 18. Qc3 Rg8 19. Rd2 Be6 20. Rfd1 f4 21. Nd6 f3 22. gxf3 exf3 23. Bxf3 Rad8 24. Ne4 Ne5 25. Bg2 Rc8 26. Qc5 Nf3+ 27. Bxf3 Bxh2+ 28. Kxh2 Rxc5 29. bxc5 Qh4+ 30. Kg1 Bg4 31. Bxg4 Qxg4+ 32. Ng3 h5 33. Rd5 Re8 34. R1d4 Qg6 35. Rxh5+ Kg8 36. e4 Qg4 37. Rf5 Rf8 38. Rd7 Rxf5 39. exf5 g6 40. Rg7+ Kf8 41. fxg6 Qd1+ 42. Kh2 Qc2 43. Rxb7 Qxg6 44. Rb6 Qc2 45. Bd4 Qc4 46. Be3 Ke8 47. Rd6 a5 48. Rd1 a4 49. Rc1 Qh4+ 50. Kg1 Kd7 51. c6+ Kc8 52. Bb6 Qh6 53. Rc5 Qf6 54. Rd5 1-0

[Event "Cannes masters k.o."]
[Site "Cannes"]
[Date "2000.02.19"]
[Round "1.1"]
[White "Belkhodja, Slim"]
[Black "Garbarino, Xavier"]
[Result "1-0"]
[WhiteElo "2419"]
[BlackElo "2114"]
[PlyCount "97"]
[EventDate "2000.02.19"]
[EventType "k.o."]
[EventRounds "5"]
[EventCountry "FRA"]
[SourceTitle "CBM 076"]
[Source "ChessBase"]
[SourceDate "2000.05.31"]
[SourceVersion "1"]
[SourceVersionDate "2000.05.31"]
[SourceQuality "1"]

1. e4 e6 2. Qe2 c5 3. Nf3 Nc6 4. g3 g6 5. Bg2 Bg7 6. 0-0 d6 7. c3 Nge7 8. d4 cxd4 9. cxd4 0-0 10. Rd1 Re8 11. Nc3 a6 12. h4 Qc7 13. h5 e5 14. h6 Bh8 15. Nd5 Nxd5 16. exd5 Bg4 17. dxc6 e4 18. Re1 Re6 19. Qc4 exf3 20. Rxe6 fxe6 21. d5 fxg2 22. Qxg4 exd5 23. Qe6+ Qf7 24. cxb7 Re8 25. Qxf7+ Kxf7 26. Kxg2 Rb8 27. Rb1 Rxb7 28. b4 Ke6 29. Kf3 Bc3 30. a3 Rb5 31. Bb2 Bd2 32. Bg7 a5 33. Ke2 Bg5 34. Kd3 Bf6 35. a4 Rb7 36. b5 Bxg7 37. hxg7 Rxg7 38. Kd4 Rf7 39. b6 Rb7 40. f4 h5 41. Rb3 Rb8 42. b7 Kd7 43. Kxd5 Kc7 44. Rb5 Kd7 45. Rxa5 Rxb7 46. Ra6 Ke7 47. Rxd6 Ra7 48. Rxg6 Rxa4 49. Kc5 1-0

[Event "FRA-chT2S 9900"]
[Site "France"]
[Date "2000.02.06"]
[Round "7"]
[White "Garbarino, Xavier"]
[Black "Marino, Olivier"]
[Result "1/2-1/2"]
[WhiteElo "2086"]
[BlackElo "2109"]
[PlyCount "138"]
[EventDate "1999.01.15"]
[EventType "team"]
[EventRounds "7"]
[EventCountry "FRA"]
[SourceTitle "EXT 2002"]
[Source "ChessBase"]
[SourceDate "2001.11.25"]
[SourceVersion "1"]
[SourceVersionDate "2001.11.25"]
[SourceQuality "1"]

1. d4 Nf6 2. Nf3 g6 3. g3 Bg7 4. Bg2 0-0 5. 0-0 d6 6. Re1 Nc6 7. e4 e5 8. h3 a6 9. a4 Rb8 10. a5 Re8 11. d5 Ne7 12. c4 b5 13. cxb5 Rxb5 14. Na3 Rb4 15. Qc2 c6 16. dxc6 Qc7 17. Bd2 Rb8 18. Rac1 Be6 19. b4 Rec8 20. Qd3 Nxc6 21. b5 axb5 22. Nxb5 Qd7 23. Kh2 Nxe4 24. Rxe4 d5 25. Ree1 e4 26. Qf1 exf3 27. Bxf3 Ne5 28. Rxc8+ Rxc8 29. Bg2 Nc4 30. Bc3 Qxb5 31. Bxg7 Kxg7 32. Qd3 Qxa5 33. Qd4+ Kg8 34. h4 Qb6 35. Qf6 Qb2 36. Rxe6 Qxf6 37. Rxf6 Kg7 38. Rf4 Nb6 39. Rd4 Rd8 40. Kg1 Kf6 41. f4 Ke6 42. Kf2 Kd6 43. Ke3 Kc5 44. Rd1 Ra8 45. f5 Ra3+ 46. Kf4 d4 47. fxg6 hxg6 48. Be4 Nd5+ 49. Bxd5 Kxd5 50. Rc1 Rc3 51. Ra1 Rc7 52. g4 Re7 53. Ra8 d3 54. h5 gxh5 55. gxh5 Re6 56. Rd8+ Kc4 57. Kg5 Re5+ 58. Kg4 Rd5 59. Rxd5 Kxd5 60. Kf3 d2 61. Ke2 d1Q+ 62. Kxd1 Ke5 63. Ke2 Kf5 64. Kf3 Kg5 65. Ke4 f6 66. h6 Kxh6 67. Kf5 Kg7 68. Kf4 Kf7 69. Kf5 Ke7 1/2-1/2

[Event "FRA-chT2S 9899"]
[Site "France"]
[Date "1999.??.??"]
[Round "6"]
[White "Garbarino, Xavier"]
[Black "Peyrin, Jean"]
[Result "1/2-1/2"]
[WhiteElo "2086"]
[BlackElo "2091"]
[PlyCount "46"]
[EventDate "1998.??.??"]
[EventType "team"]
[EventRounds "9"]
[EventCountry "FRA"]
[SourceTitle "EXT 2002"]
[Source "ChessBase"]
[SourceDate "2001.11.25"]
[SourceVersion "1"]
[SourceVersionDate "2001.11.25"]
[SourceQuality "1"]

1. d4 Nf6 2. Nf3 e6 3. Bg5 c5 4. e3 b6 5. d5 h6 6. Bxf6 Qxf6 7. Nc3 g6 8. Bc4 Bb7 9. 0-0 exd5 10. Nxd5 Bxd5 11. Qxd5 Nc6 12. e4 Rd8 13. e5 Qe7 14. Qe4 Bg7 15. e6 fxe6 16. Nh4 Ne5 17. Nxg6 Nxg6 18. Qxg6+ Qf7 19. Qxf7+ Kxf7 20. c3 d5 21. Bb3 Ke7 22. f4 Rhf8 23. Rae1 Kd6 1/2-1/2

[Event "FRA-chT2S"]
[Site "France"]
[Date "1997.??.??"]
[Round "2"]
[White "Garbarino, Xavier"]
[Black "Fournier, Carolie"]
[Result "0-1"]
[WhiteElo "2110"]
[BlackElo "1710"]
[PlyCount "52"]
[EventDate "1997.??.??"]
[EventType "team"]
[EventRounds "9"]
[EventCountry "FRA"]
[SourceTitle "EXT 2007"]
[Source "ChessBase"]
[SourceDate "2006.11.23"]
[SourceVersion "1"]
[SourceVersionDate "2006.11.23"]
[SourceQuality "1"]
[WhiteTeam "Echiquier Nicois"]
[BlackTeam "La Ciotat"]
[WhiteTeamCountry "FRA"]
[BlackTeamCountry "FRA"]

1. d4 c5 2. d5 e6 3. c4 exd5 4. cxd5 d6 5. Nc3 Nf6 6. e4 g6 7. f4 Bg7 8. Bb5+ Nfd7 9. Be2 0-0 10. Nf3 a6 11. a4 f5 12. Ng5 Nf6 13. e5 dxe5 14. fxe5 Ne4 15. Ncxe4 fxe4 16. e6 Bd4 17. Bc4 Qf6 18. Qe2 Bf2+ 19. Kd1 Qd4+ 20. Kc2 e3 21. e7 Bf5+ 22. Bd3 Qc4+ 23. Kd1 Bxd3 24. exf8Q+ Kxf8 25. Qf3+ Bf5 26. Qe2 Qb3+ 0-1

[Event "FRA-chT U18 9798"]
[Site "France"]
[Date "1997.??.??"]
[Round "9"]
[White "Garbarino, Xavier"]
[Black "Hamm, Thomas"]
[Result "1-0"]
[WhiteElo "1910"]
[BlackElo "1800"]
[PlyCount "53"]
[EventDate "1997.??.??"]
[EventType "team"]
[EventRounds "11"]
[EventCountry "FRA"]
[SourceTitle "EXT 2001"]
[Source "ChessBase"]
[SourceDate "2000.11.22"]
[SourceVersion "1"]
[SourceVersionDate "2000.11.22"]
[SourceQuality "1"]

1. d4 Nf6 2. c4 c5 3. d5 b5 4. cxb5 a6 5. bxa6 Bxa6 6. Nc3 d6 7. e4 Bxf1 8. Kxf1 g6 9. g4 Bg7 10. Kg2 Qb6 11. g5 Nfd7 12. f4 Na6 13. Nf3 0-0 14. h4 Nb4 15. h5 c4 16. Qe1 Nd3 17. Qh4 Rfb8 18. hxg6 hxg6 19. f5 Nxc1 20. Raxc1 Qe3 21. Rc2 gxf5 22. exf5 Qd3 23. Rf2 Qxf5 24. Nd4 Qd3 25. Nf5 Bxc3 26. Qh7+ Kf8 27. Qh8+ 1-0

[Event "FRA-chT U18 9798"]
[Site "France"]
[Date "1997.??.??"]
[Round "8"]
[White "Wolfangel, Claude"]
[Black "Garbarino, Xavier"]
[Result "0-1"]
[WhiteElo "1770"]
[BlackElo "1910"]
[PlyCount "100"]
[EventDate "1997.??.??"]
[EventType "team"]
[EventRounds "11"]
[EventCountry "FRA"]
[SourceTitle "EXT 2001"]
[Source "ChessBase"]
[SourceDate "2000.11.22"]
[SourceVersion "1"]
[SourceVersionDate "2000.11.22"]
[SourceQuality "1"]

1. d4 Nf6 2. c4 e6 3. Nc3 c5 4. d5 exd5 5. cxd5 d6 6. e4 g6 7. Be2 Bg7 8. f4 0-0 9. Nf3 Bg4 10. 0-0 Re8 11. Qc2 Na6 12. Re1 Nc7 13. Be3 Ncxd5 14. exd5 Rxe3 15. Rad1 a6 16. h3 Bd7 17. Bd3 Rxe1+ 18. Rxe1 b5 19. Be4 b4 20. Nb1 Nxe4 21. Qxe4 Bf5 22. Qe2 Bxb1 23. Rxb1 Qe8 24. Qd2 Qb5 25. Re1 Re8 26. Rxe8+ Qxe8 27. b3 Qe4 28. Kf2 Bc3 29. Qe2 Qxd5 30. Qxa6 Kg7 31. Qc4 Qxc4 32. bxc4 h6 33. Ke3 Kf6 34. Ke4 Ke6 35. g4 f5+ 36. gxf5+ gxf5+ 37. Kd3 Bf6 38. Ke3 d5 39. Kd3 Kd6 40. Ne1 Bh4 41. Ng2 Bg3 42. cxd5 Kxd5 43. Ne3+ Ke6 44. Ng2 Bf2 45. Kc4 Kd6 46. Kd3 Kd5 47. Ke2 Bd4 48. Ne1 c4 49. Nc2 b3 50. axb3 cxb3 0-1

[Event "FRA-chT U18"]
[Site "France"]
[Date "1996.??.??"]
[Round "3"]
[White "Garbarino, Xavier"]
[Black "Kerbrat, Julien"]
[Result "0-1"]
[WhiteElo "1830"]
[BlackElo "1820"]
[PlyCount "40"]
[EventDate "1996.??.??"]
[EventType "team"]
[EventRounds "11"]
[EventCountry "FRA"]
[SourceTitle "EXT 2001"]
[Source "ChessBase"]
[SourceDate "2000.11.22"]
[SourceVersion "1"]
[SourceVersionDate "2000.11.22"]
[SourceQuality "1"]

1. d4 Nf6 2. Bg5 Ne4 3. h4 d5 4. e3 h6 5. Bf4 e6 6. Bd3 Nf6 7. Nf3 c5 8. c4 Nc6 9. Nc3 a6 10. a3 cxd4 11. exd4 dxc4 12. Bxc4 Bd6 13. Be5 b5 14. Bd3 Bb7 15. Ne4 Bxe5 16. dxe5 Nxe5 17. Nd6+ Qxd6 18. Bxb5+ Ke7 19. Qxd6+ Kxd6 20. 0-0-0+ Nd5 0-1